LEADER 02256nam 22006734a 450 001 9910460315003321 005 20200520144314.0 010 $a1-282-64466-1 010 $a9786612644665 010 $a0-472-02698-4 024 7 $a10.3998/mpub.128611 035 $a(CKB)2670000000040642 035 $a(EBL)3414888 035 $a(OCoLC)923503160 035 $a(SSID)ssj0000411752 035 $a(PQKBManifestationID)11250319 035 $a(PQKBTitleCode)TC0000411752 035 $a(PQKBWorkID)10365267 035 $a(PQKB)10204254 035 $a(MiAaPQ)EBC3414888 035 $a(OCoLC)646530355 035 $a(MdBmJHUP)muse9737 035 $a(MiU)10.3998/mpub.128611 035 $a(Au-PeEL)EBL3414888 035 $a(CaPaEBR)ebr10395628 035 $a(CaONFJC)MIL264466 035 $a(EXLCZ)992670000000040642 100 $a20051208d2006 uy 0 101 0 $aeng 135 $aur|||||||nn|n 181 $ctxt 182 $cc 183 $acr 200 10$aAmong the lowest of the dead$b[electronic resource] $ethe culture of capital punishment /$fDavid Von Drehle 210 $aAnn Arbor, Mich. $cUniversity of Michigan Press$dc2006 215 $a1 online resource (497 p.) 225 1 $aLaw, meaning, and violence 300 $aFirst published in 1995 by Times Books, a division of Random House, Inc. 311 $a0-472-03123-6 320 $aIncludes bibliographical references (p. 423-449) and index. 327 $aPreface; Contents; I. Loose the Fateful Lightning; II. Dancing on the Head of a Pin; III. A Failure of Execution; Acknowledgments; Sources; Index 410 0$aLaw, meaning, and violence. 606 $aExecutions and executioners$zUnited States 606 $aDeath row$zUnited States 606 $aDeath row inmates$zUnited States 608 $aElectronic books. 615 0$aExecutions and executioners 615 0$aDeath row 615 0$aDeath row inmates 676 $a364.660973 700 $aVon Drehle$b Dave$0991694 712 02$aMichigan Publishing (University of Michigan) 801 0$bMiAaPQ 801 1$bMiAaPQ 801 2$bMiAaPQ 906 $aBOOK 912 $a9910460315003321 996 $aAmong the lowest of the dead$92269619 997 $aUNINA LEADER 01429nas 2200409-a 450 001 996204682903316 005 20240413024236.0 035 $a(DE-599)ZDB2136381-X 035 $a(CKB)110992357325700 035 $a(CONSER)---70201885- 035 $a(EXLCZ)99110992357325700 100 $a20770113b19561980 --- b 101 0 $aslo 181 $ctxt$2rdacontent 182 $cc$2rdamedia 183 $acr$2rdacarrier 200 00$aActa Facultatis Rerum Naturalium Universitatis Comenianae$iMathematica 210 $aBratislava $cUniverzita Komenského$d-1980 215 $a1 online resource 311 08$aPrint version: Acta Facultatis Rerum Naturalium Universitatis Comenianae. 0373-8183 (DLC) 70201885 (OCoLC)2676534 517 3 $aMathematica 531 0 $aActa Fac. rerum nat. Univ. Comen., Math. 606 $aMathematics 606 $a31.00 mathematics: general$3(NL-LeOCL)077601831$2bcl 606 $aMathematics$2fast$3(OCoLC)fst01012163 606 $aMathematics$3(NL-LeOCL)078961300$2gtt 615 0$aMathematics. 615 7$a31.00 mathematics: general. 615 7$aMathematics. 615 17$aMathematics. 676 $a510/.5 712 02$aUniverzita Komenského v Bratislave.$bPrírodovedecká fakulta. 906 $aJOURNAL 912 $a996204682903316 920 $aexl_impl conversion 996 $aActa Facultatis Rerum Naturalium Universitatis Comenianae$92107995 997 $aUNISA